The orthodontic treatment of impacted teeth (Registro nro. 10853)

000 -CABECERA
Campo de control de longitud fija 01520nam a22002897a 4500
003 - IDENTIFICADOR DEL NÚMERO DE CONTROL
Campo de control OSt
005 - FECHA Y HORA DE LA ÚLTIMA TRANSACCIÓN
Campo de control 20260416134221.0
008 - CÓDIGOS DE INFORMACIÓN DE LONGITUD FIJA
Campo de control de longitud fija 260415t1998 xxu||||| |||| 00| 0 eng d
020 ## - NÚMERO INTERNACIONAL NORMALIZADO PARA LIBROS (ISBN)
Número Internacional Normalizado para Libros (ISBN) 1853173282
040 ## - FUENTE DE LA CATALOGACIÓN
Centro catalogador de origen Unicoc
Lengua de catalogación spa
Centro que cataloga Bogotá (Dr. David Ordóñez Rueda) - Campus Norte
Centro modificador Bogotá (Dr. David Ordóñez Rueda) - Campus Norte
082 ## - NÚMERO DE LA CLASIFICACIÓN DECIMAL DEWEY
Número de clasificación 617.643
100 ## - PUNTO DE ACCESO PRINCIPAL - NOMBRE DE PERSONA
9 (RLIN) 12955
Nombre de persona Becker, Adrian
245 ## - MENCIÓN DE TÍTULO
Título The orthodontic treatment of impacted teeth
Mención de responsabilidad etc. / Adrian Becker, Martin Dunitz
250 ## - MENCIÓN DE EDICIÓN
Mención de edición 1 Ed.
260 ## - PUBLICATION, DISTRIBUTION, ETC. (IMPRINT)
Lugar de publicación distribución etc. Inglaterra :
Nombre del editor distribuidor etc. Martin Dunitz ,
Fecha de publicación distribución etc. 1998
300 ## - DESCRIPCIÓN FÍSICA
Extensión 237 páginas
Otras características físicas Ilustraciones, Diagramas, tablas, gráficas
500 ## - NOTA GENERAL
Nota general Incluye Índice y referencias bibliográficas
505 ## - NOTA DE CONTENIDO CON FORMATO
Título 1. General principles related to the diagnosis and treatment of impacted teeth. --
-- 2. Radiographic methods related to the diagnosis of impacted teeth. --
-- 3. Surgical exposure of impacted teeth. --
-- 4. Treatment strategy. --
-- 5. Maxillary central incisors. --
-- 6. Palatally impacted canines. --
-- 7. Other single teeth. --
-- 8. Impacted teeth in the adult. --
-- 9. Cleidocranial dysplasia.
526 ## - NOTA DE INFORMACIÓN SOBRE EL PROGRAMA DE ESTUDIO
Institución que aplica el campo Unicoc
546 ## - NOTA DE LENGUA
Nota de lengua Inglés
650 #0 - PUNTO DE ACCESO ADICIONAL DE MATERIA - TÉRMINO DE MATERIA
9 (RLIN) 12957
Término de materia o nombre geográfico como elemento inicial Dientes impactados o retenidos
Subdivisión de forma Diagnóstico y tratamiento
650 #0 - PUNTO DE ACCESO ADICIONAL DE MATERIA - TÉRMINO DE MATERIA
9 (RLIN) 56
Término de materia o nombre geográfico como elemento inicial Cirugía dental
Subdivisión de forma Dientes retenidos
658 #0 - TÉRMINO DE INDIZACIÓN - OBJETIVO CURRICULAR
9 (RLIN) 11722
Programa Académico Especialización en Ortodoncia y Ortopedia Maxilar
700 ## - PUNTO DE ACCESO ADICIONAL - NOMBRE DE PERSONA
9 (RLIN) 12956
Nombre de persona Dunitz, Martin
856 ## - LOCALIZACIÓN Y ACCESO ELECTRÓNICOS
Texto del enlace Acceso online exclusivo para comunidad Unicoc.
Identificador Uniforme del Recurso (URI) https://unicoceduco-my.sharepoint.com/:b:/g/personal/direccionbiblioteca_unicoc_edu_co/IQDmMaYiWuU-TbpYbhaU_wp6Aea7BO74ZHbtKossBeLqzc4
942 ## - ENTRADA PARA ELEMENTOS AGREGADOS (KOHA)
Fuente de clasificación o esquema de ordenación en estanterías
Koha [por defecto] tipo de item Libro electrónico
Existencias
Fecha última consulta Estropeado Localización permanente Código de colección No para préstamo Estado de pérdida Localización actual Fuente de adquisición Precio Fecha del precio de reemplazo Signatura completa Fuente de clasificación o esquema de ordenación en estanterías Código de barras Tipo de item de Koha Fecha de adquisición
2026-04-15 Bogotá (Dr. David Ordóñez Rueda) - Campus NorteColeccion Online  Bogotá (Dr. David Ordóñez Rueda) - Campus NorteCompra200000.002026-04-15617.643 Ebook10853Libro electrónico2026-04-15

© 2014 UNICOC | Institución Universitaria Colegios de Colombia - UNICOC
Bogotá D.C. Autopista Norte Km. 20. Teléfono:(571)6683535
Cali: Calle 13 Norte No. 3N-13. Teléfono: (572)6608887

Con tecnología de Koha